[Event "26th Zadar Open 2019"]
[Site "Zadar"]
[Date "2019.12.21"]
[Round "8.18"]
[White "Manush Shah"]
[Black "Krasteva, Beloslava"]
[Result "1/2-1/2"]
[WhiteElo "2341"]
[BlackElo "2264"]
[Annotator "NA"]
[PlyCount "85"]
[EventDate "2019.12.15"]
[EventType "swiss"]
[EventCountry "CRO"]
[SourceTitle "playchess.com"]
[Source "ChessBase"]
[SourceQuality "1"]
[TimeControl "40/5400+30:1800+30"]

1. d4 {[%emt 0:02:30]} Nf6 {[%emt 0:00:30]} 2. Nf3 {[%emt 0:00:00]} e6 {[%emt 0:00:30]} 3. e3 {[%emt 0:00:00]} d5 {[%emt 0:00:30]} 4. c4 {[%emt 0:00:30]} b6 $11 {[%emt 0:00:30]} 5. Nc3 {[%emt 0:00:00]} Bb7 {[%emt 0:01:30]} 6. cxd5 {[%emt 0:01:00]} exd5 {[%emt 0:00:30]} 7. Bd3 {[%emt 0:00:00]} Bd6 {[%emt 0:00:30]} 8. O-O {[%emt 0:00:00]} O-O {[%emt 0:00:00]} 9. Qc2 {[%emt 0:03:30]} c5 {[%emt 0:02:00]} 10. b3 {[%emt 0:00:00]} Re8 {[%emt 0:00:30]} 11. Nb5 {[%emt 0:01:00]} Bf8 {[%emt 0:03:30]} 12. Bb2 {[%emt 0:01:30]} a6 {[%emt 0:03:30]} 13. Nc3 {[%emt 0:00:30]} Nc6 {[%emt 0:00:30]} 14. a3 {[%emt 0:00:30]} cxd4 {[%emt 0:02:30]} 15. exd4 {[%emt 0:01:30]} Na5 {[%emt 0:02:30]} 16. Rfe1 {[%emt 0:12:30]} Rc8 {[%emt 0:02:30]} 17. Rxe8 {[%emt 0:08:30]} Qxe8 {[%emt 0:00:30]} 18. Re1 {[%emt 0:05:30]} Qd8 {[%emt 0:01:30]} 19. Qd1 {[%emt 0:05:30]} Bd6 {[%emt 0:06:30]} 20. Ne2 {[%emt 0:03:30]} Qf8 {[%emt 0:02:30]} 21. b4 {[%emt 0:08:30]} Nc4 {[%emt 0:01:30]} 22. Bc1 {[%emt 0:00:00]} g6 {[%emt 0:12:30]} 23. Ng3 {[%emt 0:01:00]} Re8 {[%emt 0:02:30]} 24. Nd2 {[%emt 0:04:30]} b5 {[%emt 0:05:30]} 25. Nb3 {[%emt 0:00:30]} h5 {[%emt 0:03:30]} 26. Rxe8 {[%emt 0:05:30]} Qxe8 {[%emt 0:00:00]} 27. Qe2 {[%emt 0:00:30]} Qxe2 {[%emt 0:08:00]} 28. Nxe2 {[%emt 0:01:30]} Nd7 {[%emt 0:05:30]} 29. Nc3 {[%emt 0:01:30]} Ndb6 {[%emt 0:00:30]} 30. Be2 {[%emt 0:01:30]} Be7 {[%emt 0:01:30]} 31. Nc5 {[%emt 0:01:30]} Bc8 {[%emt 0:00:00]} 32. Bf3 {[%emt 0:00:30]} Bf6 {[%emt 0:01:00]} 33. Nxd5 {[%emt 0:01:30]} Nxd5 {[%emt 0:00:30]} 34. Bxd5 {[%emt 0:00:00]} Bxd4 {[%emt 0:00:30]} 35. Kf1 {[%emt 0:02:00]} Kf8 {[%emt 0:09:30]} 36. Ke2 {[%emt 0:01:30]} Ke7 {[%emt 0:01:30]} 37. f3 {[%emt 0:00:30]} Nb6 {[%emt 0:02:01]} 38. Bb3 {[%emt 0:02:30]} Nd7 {[%emt 0:05:12]} 39. Nxd7 {[%emt 0:06:30]} Bxd7 {[%emt 0:00:15]} 40. Bd5 {[%emt 0:00:53]} Be6 {[%emt 0:08:20]} 41. Bb7 {[%emt 0:36:55]} Kd7 {[%emt 0:30:46]} 42. Kd3 {[%emt 0:00:00]} Bf6 {[%emt 0:00:00]} 43. g3 {[%emt 0:00:00]} 1/2-1/2

[Event "26th Zadar Open 2019"]
[Site "Zadar"]
[Date "2019.12.21"]
[Round "8.19"]
[White "Nester, Ihor"]
[Black "Ly, Dominik"]
[Result "0-1"]
[WhiteElo "2329"]
[BlackElo "2220"]
[Annotator "NA"]
[PlyCount "94"]
[EventDate "2019.12.15"]
[EventType "swiss"]
[EventCountry "CRO"]
[SourceTitle "playchess.com"]
[Source "ChessBase"]
[SourceQuality "1"]
[TimeControl "40/5400+30:1800+30"]

1. Nf3 {[%emt 0:00:30]} d5 {[%emt 0:09:30]} 2. d4 {[%emt 0:00:00]} Nf6 {[%emt 0:00:00]} 3. c4 {[%emt 0:00:00]} e6 {[%emt 0:00:00]} 4. g3 {[%emt 0:00:00]} Be7 {[%emt 0:00:30]} 5. Bg2 {[%emt 0:00:00]} O-O {[%emt 0:00:00]} 6. O-O {[%emt 0:00:00]} c6 {[%emt 0:00:00]} 7. Qc2 {[%emt 0:01:00]} b6 {[%emt 0:00:30]} 8. Nbd2 {[%emt 0:00:30]} Bb7 {[%emt 0:01:30]} 9. e4 {[%emt 0:00:30]} Na6 {[%emt 0:00:00]} 10. Rd1 {[%emt 0:08:30]} Nb4 {[%emt 0:19:00]} 11. Qb1 {[%emt 0:03:30]} dxc4 {[%emt 0:02:30]} 12. e5 {[%emt 0:09:30]} Nfd5 {[%emt 0:04:30]} 13. Nxc4 {[%emt 0:00:00]} h6 {[%emt 0:02:30]} 14. a3 {[%emt 0:09:00]} Na6 {[%emt 0:00:00]} 15. Qc2 {[%emt 0:07:30]} b5 {[%emt 0:15:00]} 16. Ncd2 {[%emt 0:06:30]} c5 {[%emt 0:03:30]} 17. Ne4 {[%emt 0:01:30]} Rc8 {[%emt 0:01:30]} 18. Qe2 {[%emt 0:00:30]} Qb6 {[%emt 0:07:30]} 19. dxc5 {[%emt 0:00:30]} Nxc5 {[%emt 0:00:30]} 20. Nd4 {[%emt 0:00:00]} Nxe4 {[%emt 0:07:30]} 21. Bxe4 {[%emt 0:01:00]} Rc4 {[%emt 0:00:30]} 22. Nf5 {[%emt 0:31:41]} Rxe4 {[%emt 0:13:37]} 23. Nxh6+ {[%emt 0:00:07]} gxh6 {[%emt 0:00:11]} 24. Qxe4 {[%emt 0:00:01]} Nf6 {[%emt 0:01:28]} 25. Qf4 {[%emt 0:01:47]} Qc6 {[%emt 0:00:46]} 26. Kf1 {[%emt 0:01:44]} Nh7 {[%emt 0:04:14]} 27. Qg4+ {[%emt 0:00:16]} Ng5 {[%emt 0:00:15]} 28. Bxg5 {[%emt 0:00:12]} hxg5 {[%emt 0:00:17]} 29. h4 {[%emt 0:02:07]} Rc8 {[%emt 0:03:58]} 30. f3 {[%emt 0:05:31]} Qxf3+ {[%emt 0:00:30]} 31. Qxf3 {[%emt 0:00:02]} Bxf3 {[%emt 0:00:09]} 32. Rd7 {[%emt 0:00:04]} Bc5 {[%emt 0:00:54]} 33. Rc1 {[%emt 0:00:41]} Rc6 {[%emt 0:00:14]} 34. hxg5 {[%emt 0:01:05]} Kg7 {[%emt 0:00:35]} 35. Rd3 {[%emt 0:03:30]} Bb6 {[%emt 0:01:45]} 36. Rxc6 {[%emt 0:02:10]} Bxc6 {[%emt 0:00:04]} 37. Rd6 {[%emt 0:00:08]} Bd5 {[%emt 0:00:13]} 38. Rd7 {[%emt 0:00:08]} Bd4 {[%emt 0:00:38]} 39. b4 {[%emt 0:00:05]} Bb6 {[%emt 0:01:01]} 40. Ke2 {[%emt 0:00:11]} Kg6 {[%emt 0:01:27]} 41. Kd3 {[%emt 0:01:30]} Bf2 {[%emt 0:02:44]} 42. Ke2 {[%emt 0:00:30]} Bxg3 {[%emt 0:02:30]} 43. Rxa7 {[%emt 0:00:30]} Bxe5 {[%emt 0:00:30]} 44. Ra5 {[%emt 0:00:30]} Bc4+ {[%emt 0:00:30]} 45. Ke3 {[%emt 0:00:00]} Bc3 {[%emt 0:00:30]} 46. Ra7 {[%emt 0:00:00]} e5 {[%emt 0:00:30]} 47. Ke4 {[%emt 0:00:30]} Kxg5 {[%emt 0:00:30]} 0-1

[Event "26th Zadar Open 2019"]
[Site "Zadar"]
[Date "2019.12.21"]
[Round "8.21"]
[White "Hrescak, Ivana"]
[Black "Sai Agni Jeevitesh, J."]
[Result "0-1"]
[WhiteElo "2194"]
[BlackElo "2301"]
[Annotator "NA"]
[PlyCount "74"]
[EventDate "2019.12.15"]
[EventType "swiss"]
[EventCountry "CRO"]
[SourceTitle "playchess.com"]
[Source "ChessBase"]
[SourceQuality "1"]
[TimeControl "40/5400+30:1800+30"]

1. d4 {[%emt 0:00:30]} Nf6 {[%emt 0:01:30]} 2. c4 {[%emt 0:00:00]} e6 {[%emt 0:00:00]} 3. Nc3 {[%emt 0:00:00]} Bb4 {[%emt 0:00:00]} 4. e3 {[%emt 0:00:00]} O-O {[%emt 0:00:30]} 5. Bd3 {[%emt 0:00:00]} b6 {[%emt 0:01:30]} 6. Nge2 {[%emt 0:00:30]} Bb7 {[%emt 0:00:30]} 7. O-O {[%emt 0:00:00]} d5 {[%emt 0:01:30]} 8. cxd5 {[%emt 0:03:00]} exd5 {[%emt 0:00:00]} 9. Ng3 {[%emt 0:01:30]} Nbd7 {[%emt 0:02:00]} 10. Bd2 {[%emt 0:02:30]} Re8 {[%emt 0:02:30]} 11. Rc1 {[%emt 0:09:30]} a6 {[%emt 0:01:30]} 12. a3 {[%emt 0:08:30]} Bf8 {[%emt 0:01:30]} 13. Re1 {[%emt 0:03:30]} c5 {[%emt 0:04:30]} 14. Bb1 {[%emt 0:03:30]} c4 {[%emt 0:06:30]} 15. e4 {[%emt 0:04:30]} dxe4 {[%emt 0:02:30]} 16. Ncxe4 {[%emt 0:00:00]} b5 {[%emt 0:04:30]} 17. Bg5 {[%emt 0:05:00]} Qb6 {[%emt 0:01:30]} 18. Qf3 {[%emt 0:09:30]} Nxe4 {[%emt 0:10:30]} 19. Nxe4 {[%emt 0:03:30]} g6 {[%emt 0:04:30]} 20. Qh3 {[%emt 0:06:30]} f5 {[%emt 0:04:30]} 21. Ng3 {[%emt 0:09:30]} Bg7 {[%emt 0:02:30]} 22. Red1 {[%emt 0:06:30]} Bxd4 {[%emt 0:07:30]} 23. Nxf5 {[%emt 0:07:43]} gxf5 {[%emt 0:05:30]} 24. Qxf5 {[%emt 0:01:32]} Nf8 {[%emt 0:00:30]} 25. Qg4 {[%emt 0:04:36]} Bg7 {[%emt 0:02:30]} 26. Qg3 {[%emt 0:02:42]} Kh8 {[%emt 0:02:30]} 27. Be3 {[%emt 0:01:25]} Qe6 {[%emt 0:03:30]} 28. h3 {[%emt 0:02:07]} Rad8 {[%emt 0:01:30]} 29. Qh4 {[%emt 0:00:14]} Rxd1+ {[%emt 0:02:30]} 30. Rxd1 {[%emt 0:00:30]} Qf6 {[%emt 0:00:30]} 31. Bg5 {[%emt 0:00:30]} Qxb2 {[%emt 0:00:30]} 32. Bf5 {[%emt 0:03:17]} Qe5 {[%emt 0:02:30]} 33. Bd7 {[%emt 0:00:54]} Nxd7 {[%emt 0:01:30]} 34. Rxd7 {[%emt 0:00:09]} Bc6 {[%emt 0:05:25]} 35. Rxg7 {[%emt 0:00:34]} Kxg7 {[%emt 0:00:36]} 36. Qh6+ {[%emt 0:00:34]} Kf7 {[%emt 0:00:32]} 37. f4 {[%emt 0:01:24]} Qe4 {[%emt 0:00:55]} 0-1

[Event "26th Zadar Open 2019"]
[Site "Zadar"]
[Date "2019.12.21"]
[Round "8.22"]
[White "Mitev, Valentin"]
[Black "Stocko, Josip"]
[Result "1/2-1/2"]
[WhiteElo "2233"]
[BlackElo "2267"]
[Annotator "TA"]
[PlyCount "168"]
[EventDate "2019.12.15"]
[EventType "swiss"]
[EventCountry "CRO"]
[SourceTitle "playchess.com"]
[Source "ChessBase"]
[SourceQuality "1"]

{[%evp 9,168,41,59,5,50,16,28,14,65,77,61,33,31,32,35,14,31,33,18,30,36,35,26,0,0,0,0,0,35,35,35,34,40,34,52,50,110,80,93,75,170,97,130,113,109,106,117,118,101,95,87,94,84,56,83,26,18,32,21,32,48,53,52,46,141,138,168,153,144,36,41,36,44,37,66,53,111,90,87,70,72,59,239,195,642,628,542,340,407,406,403,389,393,370,362,129,137,0,339,242,190,9,9,10,302,13,278,186,608,597,590,590,583,568,561,554,554,539,29994,358,533,522,690,216,389,379,379,379,368,354,314,38,31,37,47,43,67,67,67,67,162,157,354,347,332,312,350,67,67,65,62,8,8,8,8,8,1050,921,480,8,8]} 1. d4 g6 2. e4 Bg7 3. Nc3 d6 4. f4 a6 5. Nf3 b5 6. a3 {B06: Modern Defence} (6. Bd3 $14) (6. Bd3 Nd7 7. a4 b4 8. Ne2 c5 9. c3 Bb7 10. O-O Ngf6 11. e5 Nd5 12. Bd2 bxc3 13. bxc3 cxd4 14. cxd4 O-O {0-1 (49) Anand,V (2759)-Nakamura,H (2769) Leuven 2018}) 6... c6 7. Be2 Nd7 8. O-O {White has an edge.} e6 (8... Bb7 $11) 9. Be3 Nh6 $146 ({Predecessor:} 9... Ngf6 10. h3 c5 11. e5 dxe5 12. dxe5 Ng8 {0-1 (54) Kaunonen,K-Simola,N Finland 2003}) 10. Kh1 O-O 11. Qd2 f5 12. Ng5 Re8 13. d5 exd5 14. exd5 c5 15. Ne6 Qe7 16. Bf3 Nb6 17. Rae1 Nc4 18. Qc1 Nxe3 (18... Bxc3 $5 19. bxc3 Rb8 $11) 19. Rxe3 Bd7 20. Rfe1 Qf6 21. Nd1 Nf7 22. c3 h6 (22... Bh6 $14) 23. g3 a5 24. Nf2 Rac8 (24... h5 $16) 25. Qd2 ({White should try} 25. g4 $1 $18) 25... Re7 26. R1e2 Rce8 27. Qe1 Bf8 28. g4 Bxe6 29. Rxe6 Rxe6 30. dxe6 Nd8 31. Bd5 Be7 32. gxf5 (32. Qd2 $16) 32... Qxf5 $11 33. Qd2 Rf8 34. Ne4 Qxf4 35. Qxf4 Rxf4 {[#]} 36. Nxd6 $1 {[%mdl 512]} Rf1+ ({Better is} 36... b4 $14) (36... Bxd6 37. e7+) 37. Kg2 $16 Rd1 38. Nc8 Kf8 39. Rf2+ (39. Bb3 $16 Rc1 40. c4 $1 {[%mdl 512]}) 39... Ke8 $14 40. c4 (40. Nxe7 Kxe7 41. c4 bxc4 $17) 40... b4 41. Re2 bxa3 42. bxa3 g5 (42... Kf8 $14) 43. Re3 Rd2+ 44. Kg3 h5 45. h3 Rb2 $2 (45... Rd4 $1 $14) 46. Be4 $1 $18 {[%cal Re4g6]} Nb7 $2 (46... h4+ 47. Kg4 Rf2) 47. Rd3 $1 Bf6 {If only Black now had time for ...Nd8....} 48. Bc6+ Kf8 {[#]} 49. e7+ $1 {[%mdl 512]} Bxe7 {With the idea ...Bf6.} 50. Rf3+ Kg7 51. Nxe7 Nd6 52. Nf5+ $2 (52. h4 $18) 52... Kg6 $16 53. Ne7+ $2 (53. Nxd6 $2 {is a self mate.} h4+ 54. Kg4 Rg2+ 55. Rg3 Rxg3#) (53. Ne3 $1 $16) 53... Kg7 $18 54. Bd5 Re2 55. Nf5+ $2 (55. Nc6 $18) 55... Kg6 $11 56. Ne3 (56. Nxd6 $2 {gets mated.} h4+ 57. Kg4 Rg2+ 58. Rg3 Rxg3#) 56... h4+ $1 57. Kg4 {Hoping for a4.} Re1 $2 {[%mdl 8192]} (57... a4 $1 $11) 58. Nf1 Nxc4 $2 (58... a4 59. Rf8 Ne4) 59. Bf7+ $18 Kh6 {White must now prevent ...Ne5+.} 60. Bxc4 {Strongly threatening Rf6+.} Re4+ 61. Kf5 Rxc4 {[%mdl 4096] Endgame KRN-KR} 62. Ne3 Rc1 63. Ng4+ Kh5 64. Nf6+ (64. Kf6 $142 Rd1 65. Kg7 Rd7+ 66. Rf7 Rd6 67. Nf6+ Rxf6 {[%mdl 64] Remove Defender} 68. Rxf6 g4 69. Rf5#) 64... Kh6 65. Ne4 c4 66. Ke5 $2 (66. Kf6) 66... c3 $2 (66... Kg6 {was worth a try.} 67. Kd4 Rh1) 67. Nxc3 g4 68. hxg4 Kg5 69. Ne4+ Kxg4 70. Re3 $2 (70. Rf4+ $18 Kh3 71. Kf5) 70... Rf1 $14 71. Nf6+ Kg5 {Threatens to win with ...Rf5+.} 72. Nd5 Kg4 73. Re4+ Kg5 74. Ne3 Rf3 (74... Rg1 $14) 75. Kd4 $1 $18 h3 $2 (75... Kh5 $16) 76. Rg4+ $1 Kh5 {[#] aiming for ...Rxe3!} 77. Rg8 $1 Rf4+ 78. Kd3 $2 (78. Ke5 $18 Rf3 79. Ke4) 78... Kh4 79. Rg7 Ra4 80. Nc4 (80. Rh7+ $14 Kg3 81. Rg7+ Kh4 82. Ke2) 80... h2 $11 81. Kc3 Kh3 82. Kb3 {[#]} h1=Q $4 {[%mdl 8192]} (82... Rxc4 83. Kxc4 Kh4 84. Rh7+ Kg4 85. Rxh2 Kg3 86. Rh8 a4 87. Ra8) (82... Rxa3+ $1 $11 {[%mdl 512]} 83. Kxa3 h1=Q 84. Rh7+ Kg2 85. Rxh1 Kxh1) 83. Rh7+ $18 {[%mdl 64] Skewer} Kg2 84. Rxh1 $2 ({Only move:} 84. Ne3+ $18 Kg3 85. Rxh1) 84... Rxa3+ $1 {Accuracy: White = 50%, Black = 41%.} 1/2-1/2

[Event "26th Zadar Open 2019"]
[Site "Zadar"]
[Date "2019.12.21"]
[Round "8.23"]
[White "Sahil, Tickoo"]
[Black "de Francesco, Klaus"]
[Result "1-0"]
[WhiteElo "2259"]
[BlackElo "2273"]
[Annotator "NA"]
[PlyCount "53"]
[EventDate "2019.12.15"]
[EventType "swiss"]
[EventCountry "CRO"]
[SourceTitle "playchess.com"]
[Source "ChessBase"]
[SourceQuality "1"]
[TimeControl "40/5400+30:1800+30"]

1. d4 {[%emt 0:00:30]} Nf6 {[%emt 0:00:30]} 2. Nf3 {[%emt 0:00:00]} e6 {[%emt 0:00:00]} 3. Bf4 {[%emt 0:04:00]} d5 {[%emt 0:00:00]} 4. e3 {[%emt 0:00:30]} c5 {[%emt 0:00:30]} 5. c3 {[%emt 0:00:30]} Bd6 {[%emt 0:00:30]} 6. Bg3 {[%emt 0:00:30]} O-O {[%emt 0:00:30]} 7. Nbd2 {[%emt 0:00:30]} Qc7 {[%emt 0:00:00]} 8. Ne5 {[%emt 0:02:30]} Ne4 {[%emt 0:00:00]} 9. Nxe4 {[%emt 0:04:30]} dxe4 {[%emt 0:01:30]} 10. Nc4 {[%emt 0:04:30]} Bxg3 {[%emt 0:00:30]} 11. hxg3 {[%emt 0:00:30]} g6 {[%emt 0:01:30]} 12. dxc5 {[%emt 0:10:30]} Qxc5 {[%emt 0:04:30]} 13. Qd6 {[%emt 0:02:30]} Nd7 {[%emt 0:09:30]} 14. Qxc5 {[%emt 0:02:30]} Nxc5 {[%emt 0:00:30]} 15. O-O-O {[%emt 0:00:30]} a5 {[%emt 0:01:30]} 16. Nd6 {[%emt 0:04:30]} Bd7 {[%emt 0:02:30]} 17. Nxb7 {[%emt 0:03:30]} Nxb7 {[%emt 0:02:30]} 18. Rxd7 {[%emt 0:00:30]} Rab8 {[%emt 0:00:30]} 19. Rc7 {[%emt 0:05:30]} Rfd8 {[%emt 0:02:30]} 20. Be2 {[%emt 0:01:30]} Rd5 {[%emt 0:00:00]} 21. Rd1 {[%emt 0:03:30]} Rf5 {[%emt 0:00:00]} 22. f4 {[%emt 0:00:30]} h5 {[%emt 0:01:30]} 23. Rd4 {[%emt 0:06:30]} Nc5 {[%emt 0:00:30]} 24. g4 {[%emt 0:01:30]} hxg4 {[%emt 0:01:30]} 25. Bxg4 {[%emt 0:00:30]} Rd5 {[%emt 0:00:30]} 26. Rxd5 {[%emt 0:00:30]} exd5 {[%emt 0:00:00]} 27. Rxc5 {[%emt 0:00:30]} 1-0

[Event "26th Zadar Open 2019"]
[Site "Zadar"]
[Date "2019.12.21"]
[Round "8.24"]
[White "Deglmann, Ludwig"]
[Black "Gelbenegger, Patrick"]
[Result "1-0"]
[WhiteElo "2261"]
[BlackElo "2267"]
[Annotator "NA"]
[PlyCount "71"]
[EventDate "2019.12.15"]
[EventType "swiss"]
[EventCountry "CRO"]
[SourceTitle "playchess.com"]
[Source "ChessBase"]
[SourceQuality "1"]
[TimeControl "40/5400+30:1800+30"]

1. d4 {[%emt 0:00:30]} Nf6 {[%emt 0:10:30]} 2. Nf3 {[%emt 0:00:30]} e6 {[%emt 0:00:30]} 3. Bg5 {[%emt 0:00:30]} Be7 {[%emt 0:01:30]} 4. Nbd2 {[%emt 0:03:30]} d5 {[%emt 0:06:30]} 5. e3 {[%emt 0:03:30]} O-O {[%emt 0:03:30]} 6. Bd3 {[%emt 0:01:30]} c5 {[%emt 0:02:30]} 7. c3 {[%emt 0:06:30]} Qb6 {[%emt 0:04:30]} 8. Rb1 {[%emt 0:09:30]} Nc6 {[%emt 0:03:30]} 9. O-O {[%emt 0:08:30]} Qc7 {[%emt 0:02:30]} 10. Qe2 {[%emt 0:18:30]} e5 {[%emt 0:07:30]} 11. e4 {[%emt 0:02:30]} exd4 {[%emt 0:12:30]} 12. exd5 {[%emt 0:03:30]} dxc3 {[%emt 0:03:30]} 13. bxc3 {[%emt 0:03:30]} Nxd5 {[%emt 0:14:30]} 14. Qe4 {[%emt 0:02:30]} g6 {[%emt 0:00:00]} 15. Qxd5 {[%emt 0:00:30]} Rd8 {[%emt 0:00:00]} 16. Qc4 {[%emt 0:07:30]} Be6 {[%emt 0:02:30]} 17. Qh4 {[%emt 0:00:30]} Rxd3 {[%emt 0:02:30]} 18. Ne4 {[%emt 0:00:30]} h5 {[%emt 0:07:08]} 19. Bxe7 {[%emt 0:07:54]} Nxe7 {[%emt 0:02:36]} 20. Qg5 {[%emt 0:03:06]} Nf5 {[%emt 0:03:31]} 21. Rfe1 {[%emt 0:04:09]} Kf8 {[%emt 0:03:31]} 22. Nf6 {[%emt 0:01:23]} Rd6 {[%emt 0:02:19]} 23. Re5 {[%emt 0:04:34]} Rad8 {[%emt 0:01:13]} 24. Rbe1 {[%emt 0:00:06]} Rd1 {[%emt 0:01:35]} 25. h3 {[%emt 0:00:57]} Rxe1+ {[%emt 0:00:18]} 26. Rxe1 {[%emt 0:00:05]} Qc6 {[%emt 0:01:44]} 27. Ne5 {[%emt 0:00:51]} Qc7 {[%emt 0:00:14]} 28. g4 {[%emt 0:00:28]} hxg4 {[%emt 0:00:36]} 29. hxg4 {[%emt 0:00:10]} Nd6 {[%emt 0:00:40]} 30. Qh6+ {[%emt 0:01:25]} Ke7 {[%emt 0:00:12]} 31. Qg7 {[%emt 0:02:19]} Ne8 {[%emt 0:00:39]} 32. Ng8+ {[%emt 0:00:37]} Kd6 {[%emt 0:00:31]} 33. Qf8+ {[%emt 0:00:57]} Kd5 {[%emt 0:00:30]} 34. Ne7+ {[%emt 0:00:31]} Kd6 {[%emt 0:00:35]} 35. Nf5+ {[%emt 0:00:47]} Kd5 {[%emt 0:00:32]} 36. c4# {[%emt 0:00:14]} 1-0

[Event "26th Zadar Open 2019"]
[Site "Zadar"]
[Date "2019.12.21"]
[Round "8.25"]
[White "Sutkovic, Damir"]
[Black "Khalakhan, Jurij"]
[Result "0-1"]
[WhiteElo "2292"]
[BlackElo "2240"]
[Annotator "NA"]
[PlyCount "64"]
[EventDate "2019.12.15"]
[EventType "swiss"]
[EventCountry "CRO"]
[SourceTitle "playchess.com"]
[Source "ChessBase"]
[SourceQuality "1"]
[TimeControl "40/5400+30:1800+30"]

1. d4 {[%emt 0:00:30]} Nf6 {[%emt 0:10:30]} 2. c4 {[%emt 0:00:00]} e5 {[%emt 0:00:30]} 3. e3 {[%emt 0:03:00]} exd4 {[%emt 0:03:30]} 4. exd4 {[%emt 0:00:00]} Bb4+ {[%emt 0:00:30]} 5. Bd2 {[%emt 0:01:00]} Bxd2+ {[%emt 0:00:30]} 6. Qxd2 {[%emt 0:01:30]} O-O {[%emt 0:00:30]} 7. Nc3 {[%emt 0:00:30]} Re8+ {[%emt 0:00:30]} 8. Be2 {[%emt 0:00:30]} d5 {[%emt 0:00:30]} 9. cxd5 {[%emt 0:05:30]} Bg4 {[%emt 0:03:30]} 10. h3 {[%emt 0:07:30]} Bh5 {[%emt 0:02:30]} 11. O-O-O {[%emt 0:04:30]} Bg6 {[%emt 0:01:30]} 12. Bb5 {[%emt 0:05:30]} c6 {[%emt 0:02:30]} 13. dxc6 {[%emt 0:00:30]} Nxc6 {[%emt 0:00:00]} 14. Bd3 {[%emt 0:09:30]} Ne4 {[%emt 0:08:00]} 15. Bxe4 {[%emt 0:00:30]} Rxe4 {[%emt 0:00:30]} 16. Nxe4 {[%emt 0:01:30]} Bxe4 {[%emt 0:00:30]} 17. Ne2 {[%emt 0:00:30]} Rc8 {[%emt 0:00:30]} 18. Nc3 {[%emt 0:00:30]} Nb4 {[%emt 0:00:30]} 19. Qe3 {[%emt 0:00:30]} Nxa2+ {[%emt 0:05:30]} 20. Kd2 {[%emt 0:00:30]} Nxc3 {[%emt 0:04:30]} 21. bxc3 {[%emt 0:00:30]} Bg6 {[%emt 0:04:30]} 22. Ra1 {[%emt 0:07:30]} Qb6 {[%emt 0:06:30]} 23. Rhc1 {[%emt 0:00:00]} f6 {[%emt 0:04:30]} 24. Qf3 {[%emt 0:07:00]} Re8 {[%emt 0:03:30]} 25. Qd5+ {[%emt 0:01:30]} Kh8 {[%emt 0:03:30]} 26. Qa2 {[%emt 0:07:30]} Qb5 {[%emt 0:02:30]} 27. c4 {[%emt 0:00:30]} Qf5 {[%emt 0:01:30]} 28. Kc3 {[%emt 0:01:30]} Qd3+ {[%emt 0:00:30]} 29. Kb4 {[%emt 0:00:30]} Qxd4 {[%emt 0:01:30]} 30. Rd1 {[%emt 0:01:30]} a5+ {[%emt 0:01:30]} 31. Kxa5 {[%emt 0:07:30]} Qc5+ {[%emt 0:05:30]} 32. Ka4 {[%emt 0:00:30]} b5+ {[%emt 0:01:30]} 0-1

[Event "26th Zadar Open 2019"]
[Site "Zadar"]
[Date "2019.12.22"]
[Round "9.1"]
[White "Saric, Ante"]
[Black "Brkic, Ante"]
[Result "1/2-1/2"]
[WhiteElo "2556"]
[BlackElo "2576"]
[Annotator "TA"]
[PlyCount "34"]
[EventDate "2019.12.15"]
[EventType "swiss"]
[EventCountry "CRO"]
[SourceTitle "playchess.com"]
[Source "ChessBase"]
[SourceQuality "1"]

{[%evp 20,34,13,13,31,0,0,0,2,0,0,0,0,0,0,-4,0]} 1. d4 Nf6 2. c4 e6 3. Nc3 $146 ({Predecessor:} 3. Nf3 d5 4. Nc3 {½-½ (19) Ma,Q (2626)-Yu,Y (2738) Daqing 2019}) 3... Bb4 4. Nf3 d5 5. Bg5 h6 6. Bxf6 Qxf6 7. e3 O-O 8. Rc1 dxc4 9. Bxc4 c5 10. O-O cxd4 11. Nxd4 Bd7 {D38: Queen's Gambit Declined: Ragozin Defence (4 Nf3 Bb4)} 12. Qb3 Nc6 {The position is equal.} 13. Nxc6 Bxc3 $1 14. Rxc3 Bxc6 15. Bb5 Bd5 16. Bc4 Bc6 17. Bb5 Bd5 1/2-1/2

[Event "26th Zadar Open 2019"]
[Site "Zadar"]
[Date "2019.12.22"]
[Round "9.2"]
[White "Bhambure, Shantanu"]
[Black "Blohberger, Felix"]
[Result "1/2-1/2"]
[WhiteElo "2340"]
[BlackElo "2434"]
[Annotator "TA"]
[PlyCount "60"]
[EventDate "2019.12.15"]
[EventType "swiss"]
[EventCountry "CRO"]
[SourceTitle "playchess.com"]
[Source "ChessBase"]
[SourceQuality "1"]

{[%evp 11,60,34,35,35,48,34,34,34,33,27,39,43,38,26,33,33,79,79,77,45,38,34,31,29,44,42,50,29,60,53,81,92,92,72,89,83,75,47,253,227,216,208,198,205,201,191,197,204,198,114,107]} 1. d4 d6 2. e4 Nf6 3. f3 d5 4. e5 Nfd7 5. f4 e6 6. Nf3 c5 7. c3 {B07: Pirc Defence: Miscellaneous Systems} Nc6 8. Be2 Be7 (8... Qb6 9. Na3 cxd4 10. cxd4 Bb4+ 11. Kf1 f6 12. Nc2 Be7 13. g3 O-O 14. Kg2 a5 {1-0 (52) Aghasaryan,R (2531)-Kobo,O (2477) chess.com INT 2018}) 9. O-O {White is slightly better.} O-O 10. Na3 $146 ({Predecessor:} 10. Be3 Rb8 11. a3 b5 12. Qc2 f5 13. exf6 gxf6 14. Nbd2 c4 {1-0 (31) Verma,A (2002)-Rudd,J (2276) St Clement Bay 2018}) 10... a6 11. Nc2 b5 12. Be3 c4 13. g4 f5 14. gxf5 exf5 15. b4 Nb6 16. Bd2 a5 17. a3 {[%cal Ba2a3,Ba3b4][%mdl 32]} Be6 18. Ne3 Qd7 19. Kh1 axb4 20. axb4 Rxa1 21. Qxa1 Ra8 22. Qe1 Ra2 23. Rg1 Na4 24. Ng5 Bf8 $2 (24... Bxg5 $1 $14 25. Rxg5 Ne7) 25. Bf3 {Strongly threatening Qh4.} Nb6 26. Qh4 {[%csl Gg5][%cal Rh4h7]} h6 27. Nxe6 Qxe6 {[#]} 28. Be1 $1 Kh7 {[#]} 29. Qh3 $1 g6 30. Qg3 (30. Bh4 $18) 30... Ne7 {Accuracy: White = 70%, Black = 41%.} 1/2-1/2